000 00655cam a22002293a 4500
001 19137
003 PGUSA
005 20140828083415.0
008 060828s2006||||xxu|||||s|||||000 | eng d
040 _aPGUSA
_beng
042 _adc
050 4 _aPH
100 1 _aKiljander, Robert,
_d1848-1924
245 1 0 _aKumarrusmatka :
_bKolminäytöksinen huvinäytelmä
_h[electronic resource] /
_cRobert Kiljander
260 _bProject Gutenberg,
_c2006
506 _aPublic domain in the USA.
516 _aElectronic text
653 _aFinnish drama
830 0 _aProject Gutenberg
_v19137
856 4 0 _uhttp://www.gutenberg.org/ebooks/19137
942 _cEB
999 _c248392
_d248392